| 000 | 00622nam a2200193 4500 | ||
|---|---|---|---|
| 005 | 20251006080855.0 | ||
| 008 | 251001b |||||||| |||| 00| 0 eng d | ||
| 020 | _a9781071980132 | ||
| 082 | _aDC 303.34 N817 2026 | ||
| 100 |
_aNorthouse, Peter _968272 |
||
| 245 |
_aLeadership : _btheory and practice / _cPeter Northouse. |
||
| 250 | _aTenth edition. | ||
| 260 |
_aCalifornia : _bSage, _c©2026. |
||
| 300 |
_axxviii, 547 pages : _billustrations ; _c23 cm. |
||
| 500 | _aIncludes bibliographical references and andex. | ||
| 650 | 0 |
_aLeadership. _968273 |
|
| 650 | 0 |
_aLeadership _xCase studies. _968274 |
|
| 942 |
_2ddc _cDC |
||
| 999 |
_c23921 _d23921 |
||